000 00344nam a2200145Ia 4500
008 230711s9999||||xx |||||||||||||| ||und||
041 _aENG
082 _a720
_bGE-H
100 _aCunha,Gerard da
245 0 _aHouses of GOA
250 _a1st . Ed.
260 _c2000
_aGoa
_bArchitecture Autonomy Bardey
650 _aArchitecture
942 _cBK
999 _c3928
_d3928